[Event "World Rapid Women 2019"]
[Site "Moscow RUS"]
[Date "2019.12.27"]
[Round "7.45"]
[White "Bodnaruk, Anastasia"]
[Black "Protopopova, Anastasiya"]
[Result "0-1"]
[WhiteTitle "IM"]
[BlackTitle "WFM"]
[WhiteElo "2413"]
[BlackElo "2230"]
[WhiteFideId "4181751"]
[BlackFideId "24172073"]
[EventDate "2019.12.26"]

1. e4 c5 2. Nc3 Nc6 3. Bb5 Nd4 4. Bc4 e6 5. Nge2 Ne7 6. O-O Nec6 7. d3 Be7 8.
Nxd4 cxd4 9. Ne2 O-O 10. a4 a6 11. Bb3 Rb8 12. f4 b5 13. axb5 axb5 14. Kh1 Qb6
15. f5 Na5 16. f6 Bxf6 17. Rxf6 Nxb3 18. cxb3 gxf6 19. Bh6 e5 20. Qe1 f5 21.
Qg3+ Qg6 22. Bxf8 Qxg3 23. Nxg3 Kxf8 24. Nxf5 d5 25. Nd6 Ke7 26. Nxc8+ Rxc8 27.
exd5 e4 28. Kg1 exd3 29. Rd1 Kd6 30. Rxd3 Kxd5 31. Kf2 Rc2+ 32. Kf3 Rxb2 33. h4
Rc2 34. Rd1 Rc3+ 35. Kg4 d3 36. Kf5 Kd4 37. Kf6 Rc2 38. g4 Rf2+ 39. Kg7 d2 40.
Kxh7 Kd3 41. g5 Rh2 42. Kg7 Rxh4 43. Kxf7 Kc2 44. Rg1 d1=Q 45. Rxd1 Kxd1 46. g6
Kc2 47. g7 Rg4 0-1

[Event "World Rapid Women 2019"]
[Site "Moscow RUS"]
[Date "2019.12.27"]
[Round "7.46"]
[White "Belenkaya, Dina"]
[Black "Sargsyan, Anna M."]
[Result "1-0"]
[WhiteTitle "WGM"]
[BlackTitle "WIM"]
[WhiteElo "2298"]
[BlackElo "2382"]
[WhiteFideId "24142654"]
[BlackFideId "13308130"]
[EventDate "2019.12.26"]

1. e4 c6 2. d3 d5 3. Nd2 e5 4. Ngf3 Bd6 5. g3 Nf6 6. Bg2 O-O 7. O-O Re8 8. b3
Bg4 9. Bb2 Nbd7 10. h3 Bh5 11. Qe1 a5 12. a3 Qc7 13. Nh4 a4 14. b4 c5 15. Nf5
Bf8 16. exd5 cxb4 17. Nc4 bxa3 18. d6 Qc8 19. Bxa3 Ra6 20. Rb1 e4 21. Ne7+ Bxe7
22. dxe7 Qc7 23. Bxe4 Nc5 24. Bg2 Rxe7 25. Qb4 Nfd7 26. d4 Be2 27. dxc5 Bxf1 28.
Bxf1 Nb8 29. Nd6 Nc6 30. Qxb7 Qxb7 31. Rxb7 Rxb7 32. Nxb7 Ra7 33. Nd6 Nd4 34.
Nb5 1-0

[Event "World Rapid Women 2019"]
[Site "Moscow RUS"]
[Date "2019.12.27"]
[Round "7.47"]
[White "Mamedjarova, Zeinab"]
[Black "Barchuk, Irina"]
[Result "1-0"]
[WhiteTitle "WGM"]
[WhiteElo "2278"]
[BlackElo "2121"]
[WhiteFideId "13401521"]
[BlackFideId "14119005"]
[EventDate "2019.12.26"]

1. d4 Nf6 2. Nf3 g6 3. g3 Bg7 4. Bg2 O-O 5. O-O d6 6. c4 Nc6 7. Nc3 Bf5 8. b3
Ne4 9. Bb2 Nxc3 10. Bxc3 Be4 11. Qd2 d5 12. Rfd1 e6 13. Bf1 Bxf3 14. exf3 Qf6
15. Kg2 Rad8 16. c5 Qf5 17. f4 f6 18. Bd3 Qh5 19. Be2 Qh6 20. Bf3 e5 21. dxe5 d4
22. Bxc6 bxc6 23. e6 Rfe8 24. Qe2 f5 25. e7 Rc8 26. Rxd4 g5 27. fxg5 Qxg5 28.
Re1 Bf6 29. Qe6+ Kg7 30. Rd3 Bxc3 31. Rxc3 Qf6 32. Rce3 Qxe6 33. Rxe6 Kf7 34.
Rh6 Rb8 35. Rxh7+ Kf6 36. Rh6+ Kf7 37. Rxc6 Rb7 38. Re5 Rxe7 39. Rxe7+ Kxe7 40.
h4 a5 41. h5 Kf7 42. Kh3 a4 43. bxa4 Ra7 44. f4 Kg7 45. Kh4 Rxa4 46. Rxc7+ Kh6
47. Rc6+ Kg7 48. Kg5 Rxa2 49. Rc7+ Kg8 50. Kg6 Ra6+ 51. c6 Kf8 52. h6 1-0

[Event "World Rapid Women 2019"]
[Site "Moscow RUS"]
[Date "2019.12.27"]
[Round "7.48"]
[White "Fominykh, Maria"]
[Black "Paramzina, Anastasya"]
[Result "0-1"]
[WhiteTitle "WGM"]
[BlackTitle "WGM"]
[WhiteElo "2206"]
[BlackElo "2224"]
[WhiteFideId "4142411"]
[BlackFideId "4165012"]
[EventDate "2019.12.26"]

1. Nf3 Nf6 2. g3 g6 3. Bg2 Bg7 4. O-O c5 5. d3 O-O 6. e4 d6 7. c3 Nc6 8. Qe2 e5
9. a3 b6 10. b4 Bb7 11. Nbd2 Rc8 12. b5 Ne7 13. Nc4 d5 14. exd5 Nfxd5 15. Bb2 f6
16. Nfd2 Rc7 17. a4 g5 18. Ne4 Ng6 19. Ncd6 Ba8 20. Nf5 Qd7 21. Bh3 Ndf4 22.
gxf4 Nxf4 23. Qe3 Qxd3 24. Bg2 Qxe3 25. fxe3 Nxg2 26. Ned6 Nh4 27. Nxh4 gxh4 28.
Nf5 Be4 29. Nxh4 f5 30. Rad1 Bh6 31. Kf2 f4 32. exf4 Rxf4+ 33. Kg3 Rg7+ 34. Kh3
Rxf1 35. Rxf1 Bf4 36. Bc1 Bd5 37. Nf3 Bxc1 38. Nxe5 Bg2+ 0-1

[Event "World Rapid Women 2019"]
[Site "Moscow RUS"]
[Date "2019.12.27"]
[Round "7.49"]
[White "Muetsch, Annmarie"]
[Black "Geller, Anastasiya"]
[Result "0-1"]
[WhiteTitle "WIM"]
[BlackTitle "WFM"]
[WhiteElo "2227"]
[BlackElo "2161"]
[WhiteFideId "12971367"]
[BlackFideId "24119059"]
[EventDate "2019.12.26"]

1. e4 c6 2. Nc3 d5 3. Nf3 Nf6 4. e5 Ne4 5. Ne2 Qb6 6. d4 e6 7. Ng3 Nxg3 8. fxg3
c5 9. Bd3 cxd4 10. O-O h6 11. a3 Nc6 12. b4 Bd7 13. Qe2 g5 14. g4 O-O-O 15. Bb2
Kb8 16. Qf2 Qc7 17. Rfe1 Bg7 18. b5 Nxe5 19. Nxe5 Bxe5 20. Rxe5 Qxe5 21. Bxd4
Qf4 22. Bxa7+ Ka8 23. Bb6 Qxf2+ 24. Kxf2 e5 25. a4 Bxg4 26. a5 e4 27. Bf1 d4 28.
h3 e3+ 29. Ke1 Bf5 30. Ra2 Rhe8 31. Be2 Be4 32. g4 Rd7 33. a6 Rd6 34. Bc5 Rd5
35. Bb6 d3 36. cxd3 Bxd3 37. Bf3 Be4 38. Be2 Bb1 39. Ra1 Bd3 40. Bf3 Be4 41. Be2
Bg2 42. Bc7 bxa6 43. b6 a5 44. Bc4 Rc5 45. Bxf7 Rf8 46. Ra2 Rxf7 47. Rxg2 Rc1+ 0-1

[Event "World Rapid Women 2019"]
[Site "Moscow RUS"]
[Date "2019.12.27"]
[Round "7.50"]
[White "Injac, Teodora"]
[Black "Potapova, Margarita"]
[Result "1-0"]
[WhiteTitle "WIM"]
[BlackTitle "WFM"]
[WhiteElo "2284"]
[BlackElo "2307"]
[WhiteFideId "932400"]
[BlackFideId "14126869"]
[EventDate "2019.12.26"]

1. d4 Nf6 2. Nf3 e6 3. e3 d5 4. Bd3 Nbd7 5. O-O Be7 6. b3 O-O 7. c4 b6 8. cxd5
Nxd5 9. e4 Nb4 10. Bc4 Nf6 11. Nc3 Bb7 12. a3 Nc6 13. b4 a5 14. b5 Nb8 15. Qe2
a4 16. Rd1 Qe8 17. Bb2 c6 18. Rac1 h6 19. h3 Kh8 20. Re1 Qd8 21. Rcd1 Qc8 22. d5
cxb5 23. Nxb5 Na6 24. Ne5 Nc5 25. Qf3 Ra5 26. Nd4 Ncxe4 27. Ndc6 Ng5 28. Qe2 Bc5
29. Nxa5 bxa5 30. dxe6 Nge4 31. Bd4 Bxa3 32. exf7 Kh7 33. f3 Nc5 34. Bd3+ g6 35.
Bxg6+ Kg7 36. Bb1 Ne6 37. Qd3 Nf4 38. Qxa3 Nxh3+ 39. Kh2 Ng5 40. Qd3 Be4 41.
fxe4 Qc7 42. Qg3 Kh7 43. Kg1 Rxf7 44. Bf2 Re7 45. Nf3 Nxf3+ 46. Qxf3 Qe5 47.
Qf5+ 1-0

[Event "World Rapid Women 2019"]
[Site "Moscow RUS"]
[Date "2019.12.27"]
[Round "7.51"]
[White "Nosacheva, Mariya"]
[Black "Bykova, Anastasia"]
[Result "0-1"]
[WhiteTitle "WFM"]
[BlackTitle "WFM"]
[WhiteElo "2243"]
[BlackElo "2247"]
[WhiteFideId "34111422"]
[BlackFideId "4164970"]
[EventDate "2019.12.26"]

1. e4 c6 2. d4 d5 3. Nc3 dxe4 4. Nxe4 Bf5 5. Ng3 Bg6 6. h4 h6 7. Nf3 Nd7 8. h5
Bh7 9. Bd3 Bxd3 10. Qxd3 e6 11. Bd2 Ngf6 12. O-O-O Be7 13. Qe2 a5 14. Nf1 a4 15.
g4 Nxg4 16. Rg1 Ngf6 17. Ne5 a3 18. b3 Nxe5 19. Qxe5 Qd5 20. Rxg7 Nxh5 21. Rg4
Nf6 22. Rh4 O-O-O 23. Qe2 Rdg8 24. Ne3 Qd8 25. Nc4 Nd5 26. Rh3 Bg5 27. Qe5 Bxd2+
28. Kxd2 Qg5+ 29. Qxg5 hxg5 30. Rxh8 Rxh8 31. Nd6+ Kc7 32. Nxf7 Rf8 33. Nxg5
Rxf2+ 34. Kd3 Nb4+ 35. Kc4 Nxc2 36. Nxe6+ Kd6 37. Nc5 Ne3+ 38. Kd3 Nxd1 39. Ne4+
Kd5 40. Nxf2 Nxf2+ 41. Ke3 Ne4 0-1

[Event "World Rapid Women 2019"]
[Site "Moscow RUS"]
[Date "2019.12.27"]
[Round "7.52"]
[White "Styazhkina, Anna"]
[Black "Bogumil, Tatiana"]
[Result "1-0"]
[WhiteTitle "WIM"]
[BlackTitle "WGM"]
[WhiteElo "2289"]
[BlackElo "2182"]
[WhiteFideId "24119300"]
[BlackFideId "4110579"]
[EventDate "2019.12.26"]

1. e4 c5 2. Nf3 Nc6 3. d4 cxd4 4. Nxd4 Nf6 5. Nc3 d6 6. Be2 g6 7. O-O Bg7 8. Be3
O-O 9. f4 Bd7 10. Qd2 a6 11. Rae1 Rc8 12. Nxc6 Bxc6 13. Bd3 Ng4 14. Kh1 Nxe3 15.
Rxe3 b5 16. Nd1 Qb6 17. Rh3 Bd7 18. f5 Qd4 19. c3 Qc5 20. Ne3 Bc6 21. Ng4 h5 22.
Nh6+ Kh8 23. Qg5 Bf6 24. Qg3 Qe5 25. Qf3 d5 26. Ng4 dxe4 27. Qe3 Qd5 28. Nxf6
exf6 29. Qh6+ Kg8 30. fxg6 fxg6 31. Qxg6+ Kh8 32. Rxh5+ Qxh5 33. Qxh5+ Kg7 34.
Qg4+ Kf7 35. Bxe4 Bxe4 36. Qxe4 1-0

[Event "World Rapid Women 2019"]
[Site "Moscow RUS"]
[Date "2019.12.27"]
[Round "7.53"]
[White "Ovezdurdiyeva, Jemal"]
[Black "Guindy, Esmat Susanne"]
[Result "0-1"]
[WhiteTitle "WFM"]
[BlackTitle "WFM"]
[WhiteElo "2061"]
[BlackElo "2120"]
[WhiteFideId "14001888"]
[BlackFideId "1401637"]
[EventDate "2019.12.26"]

1. d4 d5 2. c4 e6 3. Nc3 Be7 4. cxd5 exd5 5. Bf4 c6 6. e3 Bf5 7. Bd3 Bxd3 8.
Qxd3 Nf6 9. Nf3 Nbd7 10. O-O O-O 11. Rab1 Nh5 12. Be5 f6 13. Bg3 Nxg3 14. fxg3
Bd6 15. Qf5 Re8 16. Rbe1 g6 17. Qh3 f5 18. g4 fxg4 19. Qxg4 Nf6 20. Qg5 Ne4 21.
Qh6 Bf8 22. Qf4 Bg7 23. Ne5 Rf8 24. Qg4 Qe7 25. Nxe4 dxe4 26. Qxe4 Rxf1+ 27.
Rxf1 Re8 28. Qd3 Bxe5 29. dxe5 Qxe5 30. Qb3+ Kh8 31. Qxb7 Qxe3+ 32. Kh1 Qf2 33.
Rg1 Re1 34. Qc8+ Kg7 35. Qd7+ Kh6 36. Qh3+ Kg5 37. Qg3+ Qxg3 38. hxg3 Rxg1+ 39.
Kxg1 Kg4 40. Kf2 a5 41. a4 c5 42. Ke3 Kxg3 43. Ke4 h5 44. Kd5 Kxg2 45. Kxc5 h4
46. b4 h3 47. bxa5 h2 48. a6 h1=Q 49. Kb6 Qh8 50. Kb7 Qg7+ 51. Kb8 Qf8+ 52. Kb7
Qb4+ 53. Ka8 Qxa4 0-1

[Event "World Rapid Women 2019"]
[Site "Moscow RUS"]
[Date "2019.12.27"]
[Round "7.54"]
[White "Diakonova, Ekaterina"]
[Black "Tsogzolmaa, Nanjid"]
[Result "0-1"]
[WhiteElo "2218"]
[BlackElo "1884"]
[WhiteFideId "24172936"]
[BlackFideId "4903099"]
[EventDate "2019.12.26"]

1. e4 e6 2. d4 d5 3. Nd2 c5 4. Ngf3 cxd4 5. Nxd4 Nc6 6. Bb5 Bd7 7. Nxc6 bxc6 8.
Bd3 Bc5 9. O-O Ne7 10. Nb3 Bb6 11. c4 O-O 12. c5 Bc7 13. Bg5 f6 14. Be3 e5 15.
f4 Be6 16. f5 Bf7 17. Nd2 Rb8 18. Qc2 dxe4 19. Nxe4 Nd5 20. Bd2 Nb4 21. Bxb4
Rxb4 22. Kh1 Rd4 23. Rad1 Qd5 24. Ng3 Rd8 25. Be2 Qd7 26. Ne4 Kh8 27. b3 Bd5 28.
Ng3 Rh4 29. Rg1 e4 30. Qc3 Be5 31. Qe3 Qc7 32. Nf1 Bxh2 33. g3 Bxg3+ 34. Kg2 Bf4
35. Qc3 e3+ 36. Bf3 Bxf3+ 37. Kxf3 Rxd1 38. Qc2 Qd7 39. Ke2 Rh2+ 0-1

[Event "World Rapid Women 2019"]
[Site "Moscow RUS"]
[Date "2019.12.27"]
[Round "7.55"]
[White "Gevorgyan, Maria"]
[Black "Heinemann, Josefine"]
[Result "1-0"]
[WhiteTitle "WGM"]
[BlackTitle "WGM"]
[WhiteElo "2255"]
[BlackElo "2318"]
[WhiteFideId "13300270"]
[BlackFideId "12900460"]
[EventDate "2019.12.26"]

1. e4 c5 2. Nc3 Nc6 3. Bb5 Nd4 4. Bc4 e6 5. Nge2 a6 6. a4 Nf6 7. O-O Nc6 8. d3
d6 9. Ng3 Be7 10. Nh5 O-O 11. Ba2 Nxh5 12. Qxh5 Nd4 13. Qd1 b5 14. Be3 Qb6 15.
f4 Bd7 16. a5 Qd8 17. Ne2 Bf6 18. Nxd4 Bxd4 19. Bxd4 cxd4 20. Bb3 Rc8 21. f5
exf5 22. exf5 Qf6 23. Qf3 Bc6 24. Qg4 Rfe8 25. Rae1 Re3 26. Rxe3 dxe3 27. c3 Re8
28. Re1 Re5 29. Qg3 e2 30. Qg4 Rxf5 31. Qxe2 Re5 32. Qd2 Rxe1+ 33. Qxe1 g6 34.
Qe3 Bb7 35. h3 Kg7 36. d4 h6 37. c4 bxc4 38. Bxc4 Qf5 39. Kh2 Bd5 40. Bxa6 Qc2
41. Qe2 Qa4 42. Qd2 g5 43. b4 Bc6 44. d5 Bd7 45. Qc3+ Kg8 46. Bd3 Bb5 47. Bxb5
Qxb5 48. Qd4 Kh7 49. h4 gxh4 50. Qe4+ Kg7 51. Kh3 Kf8 52. Kxh4 Qf1 53. Kg3 f5
54. Qf4 Qe1+ 55. Kh2 Ke7 56. a6 Qa1 57. Qe3+ Kf8 58. Qxh6+ Kg8 59. Qxd6 f4 60.
Qb8+ Kg7 61. a7 Qa3 62. Qe5+ Kg6 63. Qxf4 Qxa7 64. Qe4+ Kg5 65. d6 Qb6 66. Qd5+
Kg6 67. d7 Qc7+ 68. Kh3 Qc3+ 69. g3 Qh8+ 70. Kg4 Qd8 71. Qh5+ 1-0

[Event "World Rapid Women 2019"]
[Site "Moscow RUS"]
[Date "2019.12.27"]
[Round "7.56"]
[White "Agrest, Inna"]
[Black "Bulatova, Kamaliya"]
[Result "1-0"]
[WhiteTitle "WIM"]
[BlackTitle "WFM"]
[WhiteElo "2286"]
[BlackElo "2143"]
[WhiteFideId "1708830"]
[BlackFideId "34111546"]
[EventDate "2019.12.26"]

1. e4 e6 2. d4 d5 3. Nc3 Bb4 4. a3 Bxc3+ 5. bxc3 dxe4 6. Qg4 Nf6 7. Qxg7 Rg8 8.
Qh6 Rg6 9. Qd2 b6 10. c4 Bb7 11. Bb2 e3 12. Qxe3 Rxg2 13. Bxg2 Bxg2 14. O-O-O
Bxh1 15. f3 Qd6 16. Ne2 Qxh2 17. d5 Nbd7 18. dxe6 fxe6 19. Qxe6+ Kf8 20. Bxf6
Qh6+ 21. Kb1 Qxf6 22. Qxd7 Qxf3 23. Qxh7 Qxe2 24. Rxh1 Qf3 25. Rg1 1-0

[Event "World Rapid Women 2019"]
[Site "Moscow RUS"]
[Date "2019.12.27"]
[Round "7.57"]
[White "Semenova, Elena1"]
[Black "Gvanceladze, Anna"]
[Result "1/2-1/2"]
[WhiteTitle "WIM"]
[BlackTitle "WFM"]
[WhiteElo "2290"]
[BlackElo "2270"]
[WhiteFideId "24125148"]
[BlackFideId "4113721"]
[EventDate "2019.12.26"]

1. e4 c6 2. d4 d5 3. Nd2 dxe4 4. Nxe4 Nf6 5. Nxf6+ exf6 6. c3 Bd6 7. Bd3 O-O 8.
Ne2 Re8 9. h3 Nd7 10. Qc2 Nf8 11. Be3 Qc7 12. O-O-O Be6 13. c4 Qa5 14. Kb1 b5
15. d5 cxd5 16. cxd5 Bxd5 17. Bxh7+ Nxh7 18. Rxd5 Be7 19. Nd4 a6 20. Rd7 Qa4 21.
Qxa4 bxa4 22. a3 Ng5 23. Rc1 Bf8 24. Rc4 Ne4 25. Nc2 Rab8 26. f3 Nd6 27. Rxa4
Nb5 28. Kc1 Rbc8 29. Re4 Rxe4 30. fxe4 g5 31. a4 Nd6 32. Ra7 Rc6 33. Kb1 Nxe4
34. Nd4 Rc4 35. Rxa6 Nc5 36. Rc6 Rxa4 37. Nf5 Ne6 38. Rc8 Kh7 39. Kc2 g4 40. g3
Kg6 41. Nh4+ Kh7 42. Nf5 Kg6 43. Nh4+ Kh7 1/2-1/2

[Event "World Rapid Women 2019"]
[Site "Moscow RUS"]
[Date "2019.12.27"]
[Round "7.58"]
[White "Nilssen, Ellen Fredericia"]
[Black "Enkhtuul, Altan-Ulzii"]
[Result "0-1"]
[WhiteTitle "WFM"]
[BlackTitle "WGM"]
[WhiteElo "2000"]
[BlackElo "2200"]
[WhiteFideId "1441230"]
[BlackFideId "4901444"]
[EventDate "2019.12.26"]

1. d4 c5 2. Nf3 Nf6 3. e3 cxd4 4. exd4 g6 5. Bd3 Bg7 6. O-O O-O 7. b3 Nc6 8. Bb2
Nb4 9. Be2 d6 10. a3 Nbd5 11. Re1 Qc7 12. c4 Nf4 13. Nc3 d5 14. Nb5 Qd8 15. Bf1
a6 16. Nc3 dxc4 17. bxc4 Qc7 18. Bc1 Rd8 19. Ne5 Ne6 20. Nf3 b5 21. Rb1 Bb7 22.
Be3 Ne8 23. Qb3 Bxf3 24. gxf3 Nxd4 25. Bxd4 Bxd4 26. Nd5 Qc5 27. Nxe7+ Kg7 28.
Qc2 Rd7 29. Nd5 Rxd5 30. Qd2 Rg5+ 31. Bg2 Rd8 32. Re4 Bf6 33. Qf4 Nd6 34. Re2
Nxc4 35. a4 Rf5 36. Qg4 h5 37. Qg3 h4 38. Qh3 Rd2 39. Rbe1 Rxe2 40. Rxe2 Qd4 41.
Re1 Qd2 42. Rf1 bxa4 43. Qg4 Ne5 44. Qxa4 Nxf3+ 45. Bxf3 Rxf3 46. Qxa6 h3 47.
Kh1 Rxf2 48. Rxf2 Qxf2 49. Qxf6+ Qxf6 0-1

[Event "World Rapid Women 2019"]
[Site "Moscow RUS"]
[Date "2019.12.27"]
[Round "7.59"]
[White "Zhuravleva, Olga"]
[Black "Antonova, Nadezhda"]
[Result "1-0"]
[WhiteTitle "WIM"]
[BlackTitle "WFM"]
[WhiteElo "2278"]
[BlackElo "1913"]
[WhiteFideId "4145933"]
[BlackFideId "14700182"]
[EventDate "2019.12.26"]

1. e4 d6 2. d4 Nf6 3. Bd3 e5 4. c3 Be7 5. Nf3 Nbd7 6. Nbd2 c6 7. O-O O-O 8. Re1
Re8 9. a4 a5 10. h3 Bf8 11. Nf1 g6 12. Bg5 Bg7 13. Qd2 Qc7 14. Rad1 Nf8 15. Qc2
h6 16. Bc1 g5 17. Ne3 Re7 18. b3 Ng6 19. Ba3 Re8 20. Nc4 Bf8 21. Qc1 Be6 22. Bc2
Bxc4 23. bxc4 c5 24. Bd3 Qc6 25. Qc2 Nd7 26. Rb1 Bg7 27. Bb2 Nb6 28. Ra1 Rac8
29. d5 Qc7 30. Bf1 Nd7 31. Bc1 Rb8 32. Rb1 Nf6 33. Nh2 Qd7 34. g3 Qc8 35. Bg2
Qd7 36. Nf1 Ne7 37. Rb5 Qc7 38. Bd2 Nd7 39. Reb1 b6 40. Qd1 Nc8 41. Ne3 Na7 42.
R5b2 Nf8 43. Nf5 Ng6 44. Qh5 Qd7 45. Ra2 Qd8 46. Nxh6+ Bxh6 47. Qxh6 Qd7 48.
Bxg5 1-0

[Event "World Rapid Women 2019"]
[Site "Moscow RUS"]
[Date "2019.12.27"]
[Round "7.60"]
[White "Komiagina, Maria"]
[Black "Nur-Mukhametova, Alisa"]
[Result "1-0"]
[WhiteTitle "WIM"]
[WhiteElo "2233"]
[BlackElo "2213"]
[WhiteFideId "4153987"]
[BlackFideId "54117739"]
[EventDate "2019.12.26"]

1. e4 c5 2. Nf3 e6 3. d4 cxd4 4. Nxd4 Nf6 5. Nc3 d6 6. f4 Be7 7. Qf3 Nc6 8. Be3
a6 9. O-O-O Qc7 10. Nxc6 bxc6 11. g4 Bb7 12. g5 Nd7 13. Qh3 O-O 14. f5 Ne5 15.
Rg1 exf5 16. exf5 Bc8 17. Ne4 Kh8 18. Be2 Re8 19. Bf4 d5 20. Nc3 Nd3+ 21. Bxd3
Qxf4+ 22. Kb1 Bxg5 23. Ne2 Qh4 24. Qg2 Bf6 25. Rdf1 Rb8 26. c3 Qh5 27. Nf4 Qh6
28. Ka1 Bd7 29. Qf3 Bg5 30. Qg3 Bf6 31. Rf2 Be5 32. Rgf1 Bf6 33. Qf3 Re5 34. Qg4
Qg5 35. Qf3 Rbe8 36. a3 Re3 37. Qd1 Qh6 38. Ne2 c5 39. Bxa6 Bc6 40. Ng3 d4 41.
cxd4 Bxd4 42. Bd3 Bf6 43. Kb1 Rb8 44. Bc4 Rd8 45. Qc1 Bg5 46. Qc2 Qd6 47. Ka2
Bf6 48. Nh5 Be5 49. f6 g6 50. Nf4 Rb8 51. Qc1 Re4 52. Bxf7 Bxf4 53. Rxf4 Bd5+
54. Bxd5 Qxd5+ 55. Ka1 Rd4 56. f7 Rf8 57. Rxd4 cxd4 58. Qf4 h6 59. Qxh6# 1-0

[Event "World Rapid Women 2019"]
[Site "Moscow RUS"]
[Date "2019.12.27"]
[Round "8.1"]
[White "Tan, Zhongyi"]
[Black "Bulmaga, Irina"]
[Result "1/2-1/2"]
[WhiteTitle "GM"]
[BlackTitle "IM"]
[WhiteElo "2502"]
[BlackElo "2434"]
[WhiteFideId "8603642"]
[BlackFideId "13903063"]
[EventDate "2019.12.26"]

1. c4 Nf6 2. Nc3 e5 3. Nf3 Nc6 4. e3 Bb4 5. Qc2 Bxc3 6. Qxc3 Qe7 7. d3 d5 8. Be2
O-O 9. O-O d4 10. exd4 exd4 11. Qc2 h6 12. a3 a5 13. h3 Bf5 14. Bf4 Qd7 15. Ne5
Nxe5 16. Bxe5 Ne8 17. Bf3 c6 18. Rfe1 Nc7 19. c5 a4 20. Qc4 Nb5 21. Re2 Rfe8 22.
Rae1 Be6 23. Qc1 Bd5 24. Bg4 Be6 25. Bh5 Bf5 26. Qd2 Re6 27. Bg4 Bxg4 28. hxg4
Qd5 29. Re4 Rae8 30. Qf4 f6 31. Bb8 Rxe4 32. Rxe4 Rxe4 33. Qxe4 Qxc5 34. Qe6+
Kh7 35. Qe4+ Kg8 36. Qe6+ 1/2-1/2

[Event "World Rapid Women 2019"]
[Site "Moscow RUS"]
[Date "2019.12.27"]
[Round "8.2"]
[White "Harika, Dronavalli"]
[Black "Lagno, Kateryna"]
[Result "1/2-1/2"]
[WhiteTitle "GM"]
[BlackTitle "GM"]
[WhiteElo "2518"]
[BlackElo "2547"]
[WhiteFideId "5015197"]
[BlackFideId "14109336"]
[EventDate "2019.12.26"]

1. d4 Nf6 2. Nf3 g6 3. Bg5 Bg7 4. Nbd2 d5 5. e3 c5 6. c3 O-O 7. Bd3 Qb6 8. Rb1
cxd4 9. exd4 Qe6+ 10. Qe2 Qxe2+ 11. Kxe2 Nc6 12. Rhe1 a6 13. Kf1 Bf5 14. Bxf5
gxf5 15. Ne5 Rfe8 16. f3 Nxe5 17. Rxe5 e6 18. Re2 Nd7 19. Nb3 1/2-1/2

[Event "World Rapid Women 2019"]
[Site "Moscow RUS"]
[Date "2019.12.27"]
[Round "8.3"]
[White "Muzychuk, Mariya"]
[Black "Pogonina, Natalija"]
[Result "1-0"]
[WhiteTitle "GM"]
[BlackTitle "WGM"]
[WhiteElo "2559"]
[BlackElo "2479"]
[WhiteFideId "14114550"]
[BlackFideId "4147855"]
[EventDate "2019.12.26"]

1. e4 e5 2. Nf3 Nc6 3. Bc4 Bc5 4. c3 Nf6 5. d3 a6 6. O-O d6 7. a4 Ba7 8. h3 O-O
9. Nbd2 Re8 10. Re1 Be6 11. b4 Bxc4 12. Nxc4 b5 13. Ne3 d5 14. Qc2 Qd7 15. Nf5
g6 16. Nh6+ Kg7 17. Qe2 d4 18. cxd4 Nxd4 19. Nxd4 Bxd4 20. Ra2 bxa4 21. Bg5 Re6
22. Qc2 c5 23. bxc5 Rc8 24. Qxa4 Qxa4 25. Rxa4 Rxc5 26. Rb1 Rc7 27. Rb8 Ne8 28.
Rxa6 Nf6 29. Raa8 1-0

[Event "World Rapid Women 2019"]
[Site "Moscow RUS"]
[Date "2019.12.27"]
[Round "8.4"]
[White "Arabidze, Meri"]
[Black "Lei, Tingjie"]
[Result "0-1"]
[WhiteTitle "IM"]
[BlackTitle "GM"]
[WhiteElo "2435"]
[BlackElo "2483"]
[WhiteFideId "13604040"]
[BlackFideId "8605114"]
[EventDate "2019.12.26"]

1. d4 Nf6 2. c4 e6 3. Nf3 d5 4. Nc3 c6 5. e3 Nbd7 6. Qc2 Bd6 7. Be2 O-O 8. O-O
dxc4 9. a4 Qe7 10. Bxc4 e5 11. h3 g6 12. Ba2 Kg7 13. Bd2 h6 14. dxe5 Nxe5 15.
Nxe5 Qxe5 16. f4 Qc5 17. b4 Qxb4 18. e4 Qc5+ 19. Rf2 Nh5 20. e5 Be7 21. Qc1 Ng3
22. Be3 Qa5 23. Bb1 Bf5 24. Kh2 Bxb1 25. Rxb1 Nf5 26. Rxb7 Nxe3 27. Rxe7 Qc5 28.
Rf3 Qxe7 29. Qxe3 f6 30. exf6+ Qxf6 31. Ne4 Qe7 32. Qc3+ Kh7 33. Qxc6 Rac8 34.
Qd5 Rf5 35. Qd3 Rcf8 36. Re3 Rxf4 37. Nc3 Qg5 38. Qa6 R8f7 39. Rg3 Qf6 40. Qd3
Rd4 41. Qb5 Qd6 42. Qe8 Re7 43. Qf8 Rd3 44. Qxe7+ Qxe7 45. Rxd3 Qe5+ 46. Kh1 h5
47. Rf3 g5 48. g4 Qe1+ 49. Kg2 Qd2+ 50. Kf1 hxg4 51. hxg4 Qd4 52. Rh3+ Kg6 53.
Kg2 Qxg4+ 54. Rg3 Qd4 55. a5 Qb4 56. a6 Qc4 57. Kh2 Qxa6 58. Re3 Qc4 59. Rg3 a5
60. Kh3 a4 61. Re3 a3 0-1

[Event "World Rapid Women 2019"]
[Site "Moscow RUS"]
[Date "2019.12.27"]
[Round "8.5"]
[White "Koneru, Humpy"]
[Black "Dzagnidze, Nana"]
[Result "1-0"]
[WhiteTitle "GM"]
[BlackTitle "GM"]
[WhiteElo "2574"]
[BlackElo "2520"]
[WhiteFideId "5008123"]
[BlackFideId "13601903"]
[EventDate "2019.12.26"]

1. d4 e6 2. c4 Nf6 3. Nc3 Bb4 4. e3 O-O 5. Ne2 d5 6. a3 Bd6 7. c5 Be7 8. b4 c6
9. Nf4 a5 10. Bb2 b6 11. Be2 Ba6 12. O-O Nbd7 13. Bxa6 Rxa6 14. Qe2 Qa8 15. Nd3
Rb8 16. Rfb1 Ra7 17. f3 h6 18. e4 dxe4 19. fxe4 axb4 20. axb4 bxc5 21. dxc5 e5
22. Nd1 Ra2 23. Nc3 Rxa1 24. Rxa1 Qb7 25. Nd1 Qb5 26. Ne3 Rd8 27. Ra5 Qb7 28.
Nc4 Nf8 29. Bxe5 Ne6 30. Bd6 Bf8 31. h3 Ng5 32. e5 Nd5 33. Qe1 Qd7 34. Qf2 Qe6
35. Bxf8 Rxf8 36. Nd6 Qg6 37. Qg3 Nxb4 38. Nf4 Qb1+ 39. Kh2 Qb2 40. h4 Nh7 41.
Nh5 g6 42. e6 Nf6 43. exf7+ Kh7 44. Nxf6+ Qxf6 45. Ra3 Nd5 46. Rf3 Qd4 47. Qf2
Qe5+ 48. Kh1 Qa1+ 49. Kh2 Qe5+ 50. g3 Kg7 51. Qd2 Kh7 52. Rf2 Kg7 53. Re2 Qa1
54. Re1 Qa7 55. Qb2+ Kh7 56. Re8 1-0

[Event "World Rapid Women 2019"]
[Site "Moscow RUS"]
[Date "2019.12.27"]
[Round "8.6"]
[White "Shuvalova, Polina"]
[Black "Muzychuk, Anna"]
[Result "0-1"]
[WhiteTitle "WGM"]
[BlackTitle "GM"]
[WhiteElo "2446"]
[BlackElo "2537"]
[WhiteFideId "24171760"]
[BlackFideId "14111330"]
[EventDate "2019.12.26"]

1. e4 e5 2. Nf3 Nc6 3. Bb5 a6 4. Ba4 Nf6 5. O-O Nxe4 6. d4 b5 7. Bb3 d5 8. dxe5
Be6 9. c3 Bc5 10. Nbd2 O-O 11. Bc2 Nxf2 12. Rxf2 f6 13. exf6 Qxf6 14. Nb3 Bxf2+
15. Kxf2 Ne5 16. Nd4 Bg4 17. h3 Qh4+ 18. g3 Nxf3 19. gxh4 Nxd4+ 20. Kg2 Bxd1 21.
Bxd1 Nf5 22. h5 Rae8 23. a4 Ne3+ 24. Bxe3 Rxe3 25. axb5 axb5 26. Ra7 c6 27. Rc7
Rf6 28. Bg4 b4 29. cxb4 Rb3 30. Bd7 Rxb2+ 31. Kg3 Rb3+ 32. Kg2 Rxb4 33. Bxc6 Rd6
34. h6 gxh6 35. Kf2 Rb6 36. Be8 Rf6+ 37. Kg3 d4 38. Bh5 d3 39. Rc1 d2 40. Rd1
Rbd6 41. Ra1 Rf5 42. Bg4 Rg5 43. Rd1 h5 44. Kh4 hxg4 45. Kxg5 gxh3 0-1